[Event "XV Torneo Leonardo di Bona B"]
[Site "Cutro ITA"]
[Date "2009.04.22"]
[Round "3"]
[White "Younis, Ayoub Mustafa"]
[Black "Virelli, Salvatore"]
[Result "1/2-1/2"]
[WhiteElo "1440"]
[BlackElo "1467"]
[PlyCount "148"]
[EventDate "2009.04.20"]

1. e4 c5 2. Nc3 d6 3. d3 e6 4. Be3 Nf6 5. h3 Be7 6. g4 Nfd7 7. Qf3 Ne5 8. Qg2
Nec6 9. f4 Bh4+ 10. Bf2 Nd7 11. Nf3 Bf6 12. Be2 Qb6 13. Na4 Qb4+ 14. c3 Qxa4
15. O-O Qa5 16. g5 Be7 17. f5 exf5 18. exf5 Nde5 19. d4 Nxf3+ 20. Bxf3 Bxf5 21.
Bxc6+ Bd7 22. Bxd7+ Kxd7 23. Qxb7+ Qc7 24. Qxc7+ Kxc7 25. dxc5 dxc5 26. Bg3+
Kc6 27. Rxf7 Rae8 28. Rxg7 a6 29. Re1 Kd7 30. b4 cxb4 31. cxb4 Rhg8 32. Rd1+
Kc8 33. Rxg8 Rxg8 34. Rc1+ Kd7 35. Rc7+ Ke8 36. Rc8+ Bd8 37. h4 Rg6 38. Bc7 Kd7
39. Rxd8+ Kxc7 40. Rh8 Rg7 41. a4 Kc6 42. Rd8 h6 43. b5+ Kc7 44. Ra8 Kb7 45.
Rxa6 hxg5 46. hxg5 Rxg5+ 47. Kf2 Rg4 48. Ke3 Rh4 49. Kd3 Rg4 50. Kc3 Rf4 51.
Rc6 Rxa4 52. Kb3 Rg4 53. Rc4 Rg3+ 54. Kb4 Rg6 55. Ka5 Rf6 56. Rd4 Kc7 57. Rc4+
Kb7 58. Rh4 Rf7 59. Rh6 Ka7 60. Ra6+ Kb7 61. Rh6 Ka7 62. Kb4 Kb7 63. Ra6 Rf4+
64. Ka5 Rg4 65. Re6 Rg7 66. Re5 Ka7 67. b6+ Kb7 68. Rc5 Rf7 69. Kb5 Rg7 70. Rc6
Rg5+ 71. Rc5 Rxc5+ 72. Kxc5 Kb8 73. Kc6 Kc8 74. b7+ Kb8 1/2-1/2

[Event "XV Torneo Leonardo di Bona B"]
[Site "Cutro ITA"]
[Date "2009.04.23"]
[Round "4"]
[White "Catapano, Francesco"]
[Black "Camposano, Antonio"]
[Result "1-0"]
[WhiteElo "1772"]
[BlackElo "1359"]
[PlyCount "41"]
[EventDate "2009.04.20"]

1. Nf3 b6 2. g3 Bb7 3. Bg2 g6 4. O-O Bg7 5. d3 d6 6. e4 e6 7. Nbd2 Nf6 8. Qe2
Nbd7 9. c3 Ba6 10. e5 Nc5 11. exf6 Bxd3 12. fxg7 Rg8 13. Qe3 Bxf1 14. Nxf1 Rxg7
15. Qd4 Rg8 16. Bg5 Qc8 17. Qf6 Qd7 18. Ne5 dxe5 19. Bxa8 Qd6 20. Rd1 Nd7 21.
Qd8# 1-0

[Event "XV Torneo Leonardo di Bona B"]
[Site "Cutro ITA"]
[Date "2009.04.23"]
[Round "4"]
[White "De Zerbi, Sergio"]
[Black "Younis, Ayoub Mustafa"]
[Result "1-0"]
[WhiteElo "1612"]
[BlackElo "1440"]
[PlyCount "103"]
[EventDate "2009.04.20"]

1. e4 e5 2. Nf3 Nc6 3. Bb5 a6 4. Ba4 b5 5. Bb3 h6 6. O-O Nf6 7. Re1 Bc5 8. c3
Ba7 9. d4 d6 10. h3 O-O 11. d5 Na5 12. Bc2 Bb7 13. Nbd2 c6 14. b4 Nc4 15. Nxc4
bxc4 16. dxc6 Bxc6 17. Qe2 Rc8 18. Be3 Bxe3 19. Qxe3 d5 20. exd5 Bxd5 21. Rad1
e4 22. Ne5 h5 23. Qd4 Re8 24. Ba4 Re6 25. Nxc4 Rxc4 26. Qxc4 Re5 27. Qxa6 Rg5
28. c4 Rxg2+ 29. Kxg2 e3+ 30. cxd5 Nxd5 31. Rxe3 Nxe3+ 32. fxe3 Qg5+ 33. Kf2
Qf5+ 34. Ke2 Qxh3 35. Rd8+ Kh7 36. Qd3+ g6 37. Qd4 Qg2+ 38. Kd1 Qf1+ 39. Kc2
Qf2+ 40. Kb3 Kh6 41. Qf4+ Qxf4 42. exf4 g5 43. Rd6+ f6 44. Rxf6+ Kh7 45. fxg5
h4 46. b5 h3 47. b6 h2 48. b7 h1=Q 49. b8=Q Qh3+ 50. Kb4 Qg4+ 51. Qf4 Qd7 52.
Bxd7 1-0

[Event "XV Torneo Leonardo di Bona B"]
[Site "Cutro ITA"]
[Date "2009.04.23"]
[Round "4"]
[White "Hosseni, Raza"]
[Black "Policastrese, Salvatore"]
[Result "0-1"]
[WhiteElo "1440"]
[BlackElo "1431"]
[PlyCount "124"]
[EventDate "2009.04.20"]

1. Nf3 d5 2. g3 Nc6 3. Bg2 e5 4. d3 Nf6 5. d4 e4 6. Ng1 Be7 7. e3 O-O 8. Ne2
Bg4 9. O-O Qd7 10. Qe1 Bh3 11. Bxh3 Qxh3 12. Nf4 Qd7 13. Kg2 b6 14. a3 Nd8 15.
Nc3 Ne6 16. Nce2 c5 17. Nxe6 Qxe6 18. Nf4 Qd7 19. c3 c4 20. Qd1 Bd6 21. Nh3 a5
22. b3 b5 23. bxc4 bxc4 24. a4 Rab8 25. Ba3 Bxa3 26. Rxa3 Rb2 27. Qa1 Rfb8 28.
Ra2 R2b3 29. Ra3 R3b6 30. Ra2 Qb7 31. Qd1 Rb1 32. Qe2 Rb2 33. Rxb2 Qxb2 34.
Qxb2 Rxb2 35. Rc1 Ra2 36. Rb1 g6 37. Rb5 Rxa4 38. Nf4 Ra2 39. Nxd5 Ng4 40. Nb4
axb4 41. Rxb4 Rxf2+ 42. Kg1 Rxh2 43. Rxc4 Rd2 44. d5 Nxe3 45. Rxe4 Nxd5 46.
Re8+ Kg7 47. Rd8 Rd1+ 48. Kh2 Rd2+ 49. Kg1 Rd1+ 50. Kf2 Nxc3 51. Rxd1 Nxd1+ 52.
Ke2 Nc3+ 53. Kd3 Nd5 54. Ke4 Nf6+ 55. Kf3 Nh5 56. g4 Nf6 57. g5 h6 58. Kf4
hxg5+ 59. Kxg5 Ne4+ 60. Kf4 f5 61. Ke5 Kh6 62. Kf4 Nc3 0-1

[Event "XV Torneo Leonardo di Bona B"]
[Site "Cutro ITA"]
[Date "2009.04.23"]
[Round "4"]
[White "Ielapi, Vito"]
[Black "Rotunno, Giuseppe"]
[Result "0-1"]
[WhiteElo "1911"]
[BlackElo "1958"]
[PlyCount "96"]
[EventDate "2009.04.20"]

1. Nf3 g6 2. d4 Bg7 3. e3 d6 4. Bd3 Nf6 5. O-O O-O 6. e4 Nbd7 7. h3 e5 8. c3
Re8 9. Re1 h6 10. Nbd2 Nh5 11. Nf1 c6 12. Ng3 Nxg3 13. fxg3 Qb6 14. Bc2 exd4
15. cxd4 Ne5 16. Be3 Nxf3+ 17. Qxf3 Bxd4 18. Bb3 Bxe3+ 19. Rxe3 Be6 20. Kh2
Bxb3 21. Rxb3 Qc7 22. Qf4 Kg7 23. Rf1 Re6 24. Rbf3 Rf8 25. Qe3 a6 26. Qd4+ Kg8
27. Qe3 Kg7 28. Qd4+ f6 29. Rd1 Qe7 30. Rfd3 Rd8 31. Re3 d5 32. Ree1 Re8 33. g4
Rxe4 34. Rxe4 Qxe4 35. Kg1 Qxd4+ 36. Rxd4 Re2 37. Rb4 b5 38. Rb3 c5 39. Kf1 Rc2
40. a3 d4 41. g3 Kf7 42. Ke1 Ke6 43. Kd1 Rh2 44. h4 c4 45. Rb4 Kd5 46. b3 c3
47. a4 Kc5 48. axb5 axb5 0-1

[Event "XV Torneo Leonardo di Bona B"]
[Site "Cutro ITA"]
[Date "2009.04.23"]
[Round "4"]
[White "Luvera', Filippo"]
[Black "Alagia, Pietro"]
[Result "1-0"]
[WhiteElo "1856"]
[BlackElo "1631"]
[PlyCount "123"]
[EventDate "2009.04.20"]

1. e4 e5 2. Nf3 Nc6 3. Bc4 Bc5 4. c3 Nf6 5. d3 O-O 6. O-O a6 7. Bb3 d6 8. Nbd2
Ne7 9. Re1 Ng6 10. d4 Ba7 11. Nf1 h6 12. Ng3 c6 13. h3 Qc7 14. Be3 Nf4 15. Qd2
Bb8 16. Bxf4 exf4 17. Qxf4 Qb6 18. Nf5 Qd8 19. Ng3 Nh7 20. Rad1 Ng5 21. Nxg5
hxg5 22. Qf3 Qf6 23. Qxf6 gxf6 24. Nh5 f5 25. exf5 Bxf5 26. Ng3 Bg6 27. Ne4
Bxe4 28. Rxe4 d5 29. Re7 b5 30. Bc2 a5 31. Bf5 Bd6 32. Rd7 Rfd8 33. g3 b4 34.
Rc1 c5 35. dxc5 Bxc5 36. cxb4 Bxb4 37. Rd1 Rxd7 38. Bxd7 Rd8 39. Rxd5 Kf8 40.
Bc6 Rc8 41. Bb5 Rc2 42. Rxg5 Rxb2 43. a4 Bc3 44. Kg2 Bd4 45. Rf5 Ke7 46. g4 f6
47. h4 Rb4 48. Rf4 Be5 49. Rxb4 axb4 50. Bc4 Kd6 51. Kf3 Kc5 52. Be6 Kd6 53.
Bg8 Ke7 54. Ke4 Kf8 55. Bd5 Ke7 56. Kf5 Kd6 57. Bg8 Bd4 58. f3 Ke7 59. Kg6 Kf8
60. Bf7 Ke7 61. h5 Kd6 62. h6 1-0

[Event "XV Torneo Leonardo di Bona B"]
[Site "Cutro ITA"]
[Date "2009.04.23"]
[Round "4"]
[White "Mercurio, Rosario"]
[Black "Grano, Giuseppe"]
[Result "0-1"]
[WhiteElo "1372"]
[BlackElo "1706"]
[PlyCount "78"]
[EventDate "2009.04.20"]

1. c4 Nf6 2. Nc3 c6 3. d4 d5 4. g3 e6 5. Bg2 Bb4 6. cxd5 cxd5 7. Bf4 Nbd7 8. a3
Bxc3+ 9. bxc3 b6 10. Bd6 Nb8 11. Bf4 O-O 12. Nf3 Bb7 13. Nd2 Nbd7 14. O-O Rc8
15. Rc1 Re8 16. Bh3 Qe7 17. Qb3 Nh5 18. Be3 Rc7 19. Bg4 Nhf6 20. Bf3 e5 21.
dxe5 Nxe5 22. Bg2 Nc4 23. Bf4 Nxd2 24. Bxd2 Ne4 25. Bf4 Rc4 26. f3 Qc5+ 27. Kh1
Nf2+ 28. Rxf2 Qxf2 29. e4 Rec8 30. Be5 d4 31. Bf1 Qxf3+ 32. Bg2 Qg4 33. h3 Qg6
34. Re1 Rxc3 35. Qb5 R3c6 36. Bxd4 Qxg3 37. Rf1 Rc2 38. Rg1 Bxe4 39. Qf1 Qxh3#
0-1

[Event "XV Torneo Leonardo di Bona B"]
[Site "Cutro ITA"]
[Date "2009.04.23"]
[Round "4"]
[White "Paragliola, Gennaro"]
[Black "Manfredi, Candido"]
[Result "0-1"]
[WhiteElo "1635"]
[BlackElo "1683"]
[PlyCount "96"]
[EventDate "2009.04.20"]

1. d4 d5 2. c4 e6 3. Nc3 c6 4. cxd5 exd5 5. Nf3 Nf6 6. Qc2 Nbd7 7. Bg5 Be7 8.
e3 O-O 9. Bd3 h6 10. Bh4 a6 11. O-O Qc7 12. Ne2 c5 13. dxc5 Qxc5 14. Rac1 Qxc2
15. Rxc2 Bd6 16. Bg3 Bxg3 17. Nxg3 b5 18. Nf5 Ng4 19. Rfc1 Nb6 20. Nd6 Be6 21.
h3 Nf6 22. Bf5 Nc4 23. Bxe6 Nxd6 24. Bg4 h5 25. Bxh5 Nxh5 26. Rc6 Rfc8 27. Ne5
Nf6 28. Rd1 Rxc6 29. Nxc6 Kf8 30. f3 Rc8 31. Ne5 Nc4 32. Rc1 Re8 33. Nxc4 dxc4
34. Kf2 Rd8 35. Ke2 Ke7 36. g4 Nd5 37. h4 Rd6 38. f4 Re6 39. e4 Nxf4+ 40. Kf3
Nd3 41. Rh1 Rf6+ 42. Ke3 Nxb2 43. g5 Rd6 44. h5 Rd8 45. h6 gxh6 46. Rxh6 c3 47.
Rc6 Nc4+ 48. Ke2 c2 0-1

[Event "XV Torneo Leonardo di Bona B"]
[Site "Cutro ITA"]
[Date "2009.04.23"]
[Round "4"]
[White "Rizzuti, Pasquale"]
[Black "Soluri, Francesco"]
[Result "1-0"]
[WhiteElo "1814"]
[BlackElo "1500"]
[PlyCount "51"]
[EventDate "2009.04.20"]

1. e4 d6 2. d4 Nf6 3. f3 g6 4. Bc4 Bg7 5. Ne2 e6 6. Nbc3 O-O 7. Bg5 h6 8. Bh4
g5 9. Bf2 Nbd7 10. Qd2 e5 11. Bb3 a6 12. Be3 Nh7 13. h4 Qf6 14. Nd5 Qd8 15.
hxg5 Nxg5 16. Bxg5 hxg5 17. O-O-O exd4 18. Nxd4 Nc5 19. Rh5 Nxb3+ 20. axb3 f6
21. g4 c6 22. Ne3 Qc7 23. Ndf5 Bxf5 24. Nxf5 Rad8 25. Rdh1 Rf7 26. Qh2 1-0

[Event "XV Torneo Leonardo di Bona B"]
[Site "Cutro ITA"]
[Date "2009.04.23"]
[Round "4"]
[White "Scalise, Sandro"]
[Black "Levato, Biagio"]
[Result "1-0"]
[WhiteElo "1586"]
[BlackElo "1546"]
[PlyCount "73"]
[EventDate "2009.04.20"]

1. d4 Nf6 2. Nc3 d5 3. Bg5 Nbd7 4. e3 e6 5. Bd3 Be7 6. f4 c5 7. Nf3 c4 8. Be2
Ng4 9. Qd2 h6 10. Bxe7 Qxe7 11. h3 Ngf6 12. O-O-O a6 13. g4 b5 14. g5 hxg5 15.
fxg5 Nh7 16. e4 b4 17. Na4 dxe4 18. Ne5 Nxg5 19. Nxc4 Bb7 20. Rhg1 Nf3 21. Bxf3
exf3 22. Rxg7 Nf6 23. Nc5 Ne4 24. Qf4 Bd5 25. Nxe4 Kf8 26. Nb6 Kxg7 27. Rg1+
Kf8 28. Nxa8 Bxa8 29. Qb8+ Qe8 30. Qxb4+ Qe7 31. Qb8+ Qe8 32. Qe5 Rxh3 33. Qd6+
Qe7 34. Qb8+ Qe8 35. Rg8+ Kxg8 36. Qxe8+ Kg7 37. Qxa8 1-0

[Event "XV Torneo Leonardo di Bona B"]
[Site "Cutro ITA"]
[Date "2009.04.23"]
[Round "4"]
[White "Tricomi, Massimo"]
[Black "Familari, Giuseppe"]
[Result "1/2-1/2"]
[WhiteElo "1882"]
[BlackElo "1861"]
[PlyCount "79"]
[EventDate "2009.04.20"]

1. d4 Nf6 2. c4 c5 3. d5 e6 4. Nc3 exd5 5. cxd5 d6 6. e4 g6 7. f4 Bg7 8. Bb5+
Nbd7 9. e5 Qe7 10. Qe2 O-O 11. exf6 Qxf6 12. Nf3 a6 13. Bxd7 Bxd7 14. O-O Rfe8
15. Qf2 b5 16. a3 a5 17. Be3 b4 18. axb4 axb4 19. Rxa8 Rxa8 20. Ne4 Qe7 21.
Nxc5 dxc5 22. Bxc5 Qe4 23. Qd2 b3 24. Re1 Qc4 25. Rc1 Qe4 26. Bd4 Bh6 27. Re1
Qxd5 28. Qe3 Be6 29. Qe5 Qxe5 30. Bxe5 Bf8 31. Nd4 Bc5 32. Rc1 Rc8 33. Kh1 Bxd4
34. Rxc8+ Bxc8 35. Bxd4 Kf8 36. Kg1 Ke7 37. Kf2 Kd6 38. Ke3 Kd5 39. Bf6 h5 40.
g3 1/2-1/2

[Event "XV Torneo Leonardo di Bona B"]
[Site "Cutro ITA"]
[Date "2009.04.23"]
[Round "4"]
[White "Violi, Vincenzo"]
[Black "Rametta, Marcello"]
[Result "1/2-1/2"]
[WhiteElo "1644"]
[BlackElo "1738"]
[PlyCount "34"]
[EventDate "2009.04.20"]

1. e4 c5 2. Nf3 Nc6 3. d4 cxd4 4. Nxd4 Nxd4 5. Qxd4 a6 6. c4 e6 7. Nc3 Qc7 8.
Be2 Nf6 9. e5 Bc5 10. Qf4 Ng8 11. O-O Nh6 12. Ne4 Nf5 13. Be3 Bxe3 14. fxe3 O-O
15. Nd6 Nxd6 16. exd6 Qc5 17. Rf3 e5 1/2-1/2

[Event "XV Torneo Leonardo di Bona B"]
[Site "Cutro ITA"]
[Date "2009.04.23"]
[Round "4"]
[White "Virelli, Salvatore"]
[Black "D'Elia, Mario Domenico"]
[Result "1-0"]
[WhiteElo "1467"]
[BlackElo "1440"]
[PlyCount "65"]
[EventDate "2009.04.20"]

1. e4 c5 2. Nf3 Nc6 3. d4 cxd4 4. Nxd4 e6 5. Be3 g6 6. Be2 Bg7 7. c3 Nf6 8. f3
a6 9. Qd2 O-O 10. O-O Qc7 11. Na3 d6 12. Bd3 Ne5 13. Bf4 Nxd3 14. Nxe6 Bxe6 15.
Qxd3 Rfd8 16. Rfd1 Ne8 17. Nc2 Bc4 18. Qe3 Rd7 19. b3 Bb5 20. c4 Bxa1 21. Nxa1
Bc6 22. c5 Qd8 23. Bg5 f6 24. Bh6 Qe7 25. b4 dxc5 26. Rxd7 Bxd7 27. bxc5 Bc6
28. Nb3 Rd8 29. Nd4 Ng7 30. Bxg7 Kxg7 31. h3 Qxc5 32. Ne6+ Kh8 33. Qxc5 1-0

[Event "XV Torneo Leonardo di Bona B"]
[Site "Cutro ITA"]
[Date "2009.04.23"]
[Round "4"]
[White "Yaqoubi, Naqib Ullah"]
[Black "Safari, Nasim"]
[Result "1-0"]
[WhiteElo "1440"]
[BlackElo "1440"]
[PlyCount "113"]
[EventDate "2009.04.20"]

1. Nf3 g6 2. g3 Bg7 3. Bg2 Nf6 4. d3 O-O 5. c3 Nc6 6. Nbd2 e5 7. e4 Re8 8. O-O
d6 9. Ne1 d5 10. Nc2 dxe4 11. dxe4 Qd6 12. Qe1 Qd3 13. Nb4 Nxb4 14. cxb4 b6 15.
b3 Bb7 16. Bb2 Rad8 17. Rd1 Qc2 18. Nc4 Nxe4 19. b5 h6 20. Rxd8 Rxd8 21. Bxe5
Bxe5 22. Nxe5 Qxa2 23. Bxe4 Bxe4 24. Qxe4 Qxb3 25. Ng4 Qe6 26. Nxh6+ Kg7 27.
Qh4 Rd5 28. Qf4 g5 29. Qxc7 Rd7 30. Qc6 Kxh6 31. Qxe6+ fxe6 32. Rc1 Re7 33. g4
Kg6 34. Kg2 Kf7 35. Rc3 e5 36. Kg3 e4 37. h4 gxh4+ 38. Kxh4 Re5 39. Rc7+ Kf6
40. Rc6+ Kf7 41. g5 Rxb5 42. Kh5 Rb2 43. g6+ Kg7 44. Rc7+ Kf6 45. Rf7+ Ke6 46.
Rf8 a5 47. g7 Rb5+ 48. Kh6 Rf5 49. g8=Q+ Ke5 50. Qg3+ Ke6 51. Re8+ Kd7 52. Rxe4
Rf6+ 53. Kg7 Rd6 54. Qh3+ Kc7 55. Re7+ Kd8 56. Rf7 Ke8 57. Qh8# 1-0

[Event "XV Torneo Leonardo di Bona B"]
[Site "Cutro ITA"]
[Date "2009.04.24"]
[Round "5"]
[White "Alagia, Pietro"]
[Black "Yaqoubi, Naqib Ullah"]
[Result "1-0"]
[WhiteElo "1631"]
[BlackElo "1440"]
[PlyCount "117"]
[EventDate "2009.04.20"]

1. d4 g6 2. c3 d5 3. Nf3 Bg7 4. g3 Nf6 5. Bg2 Nbd7 6. O-O c6 7. Re1 O-O 8. Nfd2
Re8 9. e4 dxe4 10. Nxe4 Nxe4 11. Bxe4 e6 12. Nd2 a6 13. Nf3 Nf8 14. Bf4 Qb6 15.
Qc2 Nd7 16. Re2 Re7 17. Rae1 c5 18. d5 e5 19. Bg5 Nf6 20. c4 Bd7 21. h4 h6 22.
Bxf6 Bxf6 23. b3 Bg7 24. Nh2 a5 25. Re3 Rf8 26. Qe2 Qd6 27. h5 b6 28. g4 g5 29.
Nf1 f5 30. gxf5 Bxf5 31. Ng3 Bxe4 32. Nxe4 Qd7 33. Rg3 Ref7 34. Qd3 Qf5 35.
Ree3 g4 36. Qe2 Qxh5 37. Qxg4 Qxg4 38. Rxg4 h5 39. Rg6 Rf4 40. Rxb6 Rg4+ 41.
Kf1 Rff4 42. Nxc5 h4 43. Nd3 Rf5 44. Re6 Rg3 45. Rxg3 hxg3 46. Rg6 e4 47. Nc5
e3 48. Rxg3 Kh8 49. Rxe3 Bd4 50. Rh3+ Kg8 51. Nd3 Bb6 52. Rh6 Be3 53. Ra6 Bd2
54. a3 Rf3 55. Rg6+ Kh7 56. Rg3 Rf7 57. b4 axb4 58. axb4 Ra7 59. c5 1-0

[Event "XV Torneo Leonardo di Bona B"]
[Site "Cutro ITA"]
[Date "2009.04.24"]
[Round "5"]
[White "D'Elia, Mario Domenico"]
[Black "Younis, Ayoub Mustafa"]
[Result "1-0"]
[WhiteElo "1440"]
[BlackElo "1440"]
[PlyCount "21"]
[EventDate "2009.04.20"]

1. f4 e6 2. Nf3 d5 3. e3 f5 4. b3 h6 5. Bb2 b6 6. Be2 Bb7 7. O-O Nf6 8. Ne5 Bd6
9. Bh5+ Nxh5 10. Qxh5+ g6 11. Qxg6+ 1-0

[Event "XV Torneo Leonardo di Bona B"]
[Site "Cutro ITA"]
[Date "2009.04.24"]
[Round "5"]
[White "Familari, Giuseppe"]
[Black "Ielapi, Vito"]
[Result "1-0"]
[WhiteElo "1861"]
[BlackElo "1911"]
[PlyCount "53"]
[EventDate "2009.04.20"]

1. d4 Nf6 2. c4 g6 3. Nc3 Bg7 4. e4 d6 5. f3 O-O 6. Be3 e5 7. Nge2 Nc6 8. Qd2
a6 9. g4 exd4 10. Nxd4 Ne5 11. Qg2 c5 12. Nc2 Be6 13. O-O-O Qa5 14. Rxd6 Bxc4
15. f4 Bxf1 16. Rxf1 Nexg4 17. e5 Nxe3 18. Nxe3 Nh5 19. Ned5 Rad8 20. Ne7+ Kh8
21. Rfd1 Nxf4 22. Qxb7 Rxd6 23. exd6 Bxc3 24. d7 Bxb2+ 25. Kxb2 Ne6 26. Nc6 c4
27. Nxa5 1-0

[Event "XV Torneo Leonardo di Bona B"]
[Site "Cutro ITA"]
[Date "2009.04.24"]
[Round "5"]
[White "Grano, Giuseppe"]
[Black "Violi, Vincenzo"]
[Result "1-0"]
[WhiteElo "1706"]
[BlackElo "1644"]
[PlyCount "79"]
[EventDate "2009.04.20"]

1. d4 Nf6 2. Nf3 e6 3. Bg5 b6 4. Nbd2 Bb7 5. e3 Be7 6. Bd3 c5 7. c3 O-O 8. Qc2
h6 9. Bxf6 Bxf6 10. O-O d6 11. Rfe1 Nd7 12. Be4 Bxe4 13. Nxe4 d5 14. Ned2 Qc7
15. Rac1 Rac8 16. Qa4 cxd4 17. cxd4 Qb7 18. Rc3 Rxc3 19. bxc3 Rc8 20. Qb3 Qc6
21. Rc1 e5 22. c4 exd4 23. exd4 Qe6 24. Qd3 dxc4 25. Rxc4 Rxc4 26. Nxc4 Qd5 27.
Qe3 Qe6 28. Qd3 Qd5 29. Qc3 Qc6 30. Qc2 Qd5 31. Ne3 Qb7 32. d5 Nc5 33. Qf5 Qd7
34. Qf4 Na6 35. d6 Bg5 36. Nxg5 hxg5 37. Qe5 f6 38. Qd5+ Kf8 39. Nf5 Qe8 40.
Ne7 1-0

[Event "XV Torneo Leonardo di Bona B"]
[Site "Cutro ITA"]
[Date "2009.04.24"]
[Round "5"]
[White "Levato, Biagio"]
[Black "Scerra, Ezio"]
[Result "1-0"]
[WhiteElo "1546"]
[BlackElo "1332"]
[PlyCount "63"]
[EventDate "2009.04.20"]

1. e4 g6 2. Nf3 Bg7 3. d3 c5 4. g3 Nc6 5. c3 d6 6. Bg2 Nf6 7. O-O Nd7 8. Nbd2
O-O 9. a4 Nde5 10. Qc2 f5 11. Re1 fxe4 12. dxe4 c4 13. Nxe5 Nxe5 14. f4 Nd3 15.
Rf1 Qb6+ 16. Kh1 Nf2+ 17. Rxf2 Qxf2 18. Qd1 Qc5 19. e5 d5 20. Nf1 Bf5 21. Be3
Qc6 22. Bxd5+ Be6 23. Bxc6 bxc6 24. Bc5 Rfd8 25. Qe2 Kf7 26. Ne3 Rd3 27. Rd1
Bd5+ 28. Nxd5 Rxd5 29. Qxc4 e6 30. Rxd5 cxd5 31. Qa6 Rb8 32. Qxa7+ 1-0

[Event "XV Torneo Leonardo di Bona B"]
[Site "Cutro ITA"]
[Date "2009.04.24"]
[Round "5"]
[White "Manfredi, Candido"]
[Black "Luvera', Filippo"]
[Result "1-0"]
[WhiteElo "1683"]
[BlackElo "1856"]
[PlyCount "97"]
[EventDate "2009.04.20"]

1. e4 c5 2. Nf3 Nc6 3. Bb5 d6 4. O-O Bd7 5. Bxc6 Bxc6 6. d3 Nf6 7. e5 dxe5 8.
Nxe5 Qd5 9. Nxc6 Qxc6 10. Na3 e6 11. Nc4 Be7 12. Ne5 Qc7 13. f4 O-O 14. c3 Rad8
15. Qf3 Nd7 16. d4 cxd4 17. cxd4 Nf6 18. Be3 Nd5 19. Bf2 Qc2 20. Nd3 Bd6 21.
Rfe1 Qd2 22. Red1 Qa5 23. Ne5 Rc8 24. a3 Rc2 25. b4 Qc7 26. g3 Nc3 27. Re1 Nd5
28. Nd3 b6 29. Rec1 Rc8 30. Rxc2 Qxc2 31. Rc1 Qxc1+ 32. Nxc1 Rxc1+ 33. Kg2 Rc3
34. Qe4 g6 35. Qe2 Rxa3 36. Be1 Re3 37. Qf2 Ra3 38. Qb2 Rd3 39. b5 Ne3+ 40. Kg1
Nd5 41. Bd2 Be7 42. Kf2 Bf6 43. Ke2 Rxd4 44. Qa2 Re4+ 45. Kf3 Rd4 46. Qc2 Kg7
47. h4 h5 48. Kg2 Ra4 49. Qxa4 1-0

[Event "XV Torneo Leonardo di Bona B"]
[Site "Cutro ITA"]
[Date "2009.04.24"]
[Round "5"]
[White "Mercurio, Rosario"]
[Black "Camposano, Antonio"]
[Result "0-1"]
[WhiteElo "1372"]
[BlackElo "1359"]
[PlyCount "56"]
[EventDate "2009.04.20"]

1. c4 e6 2. Nf3 Nf6 3. Nc3 Bb4 4. g3 Bxc3 5. bxc3 b6 6. Bg2 Bb7 7. Ba3 c5 8.
O-O d6 9. Rb1 O-O 10. Re1 Re8 11. d4 Ne4 12. Bb2 Nd7 13. Nd2 Ndf6 14. Qc2 Nxd2
15. Bxb7 Nxb1 16. Qxb1 Rb8 17. Bg2 Ng4 18. Bc1 Qf6 19. Bf4 e5 20. dxe5 dxe5 21.
Bd2 Qxf2+ 22. Kh1 e4 23. Bf4 Ne3 24. Bh3 Rbd8 25. Qc1 Nxc4 26. e3 Rd2 27. g4
Qf3+ 28. Kg1 Qxh3 0-1

[Event "XV Torneo Leonardo di Bona B"]
[Site "Cutro ITA"]
[Date "2009.04.24"]
[Round "5"]
[White "Policastrese, Salvatore"]
[Black "Paragliola, Gennaro"]
[Result "0-1"]
[WhiteElo "1431"]
[BlackElo "1635"]
[PlyCount "90"]
[EventDate "2009.04.20"]

1. e4 d6 2. d4 g6 3. Nf3 Bg7 4. Nc3 Nf6 5. Be2 O-O 6. O-O Nbd7 7. Bg5 h6 8. Be3
e5 9. dxe5 Nxe5 10. Nxe5 dxe5 11. Qxd8 Rxd8 12. Rad1 Be6 13. Rxd8+ Rxd8 14.
Bxa7 b6 15. Nb5 Ra8 16. Rd1 c6 17. Bxb6 cxb5 18. Bxb5 Rb8 19. Rd8+ Rxd8 20.
Bxd8 Nxe4 21. a4 Nd6 22. Bd3 e4 23. Be2 Bxb2 24. a5 Bd5 25. Bb6 Ba8 26. a6 Be5
27. a7 Nc8 28. Be3 h5 29. f3 f5 30. c4 Kf7 31. Kf2 Ke8 32. h3 f4 33. Bc5 e3+
34. Bxe3 fxe3+ 35. Kxe3 Nxa7 36. g4 h4 37. f4 Bd6 38. Bd3 Kf7 39. Be4 Bc5+ 40.
Kf3 Nc6 41. Bxc6 Bxc6+ 42. Ke2 Kf6 43. f5 gxf5 44. gxf5 Kxf5 45. Kf1 Kf4 0-1

[Event "XV Torneo Leonardo di Bona B"]
[Site "Cutro ITA"]
[Date "2009.04.24"]
[Round "5"]
[White "Rametta, Marcello"]
[Black "Tricomi, Massimo"]
[Result "1-0"]
[WhiteElo "1738"]
[BlackElo "1882"]
[PlyCount "85"]
[EventDate "2009.04.20"]

1. e4 Nf6 2. Nc3 d5 3. exd5 Nxd5 4. Nxd5 Qxd5 5. Nf3 e5 6. d3 Bg4 7. Be2 Nc6 8.
O-O O-O-O 9. Be3 Bc5 10. Ng5 Bxe2 11. Qxe2 Bxe3 12. fxe3 f6 13. Qg4+ Qd7 14.
Qxd7+ Rxd7 15. Ne4 b6 16. a3 Ne7 17. Rae1 Nd5 18. d4 Re8 19. Ng3 c6 20. c4 Nc7
21. Ne2 Rde7 22. dxe5 Rxe5 23. Nd4 Kb7 24. Nf5 Rg8 25. Rd1 Kc8 26. e4 Ne8 27.
Rfe1 g6 28. Nh6 Rg7 29. Ng4 Rg5 30. h3 h5 31. Nh2 Rc5 32. b3 Rd7 33. Nf3 Rxd1
34. Rxd1 g5 35. Nd4 Kd7 36. Kf2 Ke7 37. Ke3 Nd6 38. Kd3 b5 39. cxb5 cxb5 40. b4
Rc4 41. Nxb5 Rc6 42. Nd4 Nc4 43. Nxc6+ 1-0

[Event "XV Torneo Leonardo di Bona B"]
[Site "Cutro ITA"]
[Date "2009.04.24"]
[Round "5"]
[White "Rizzuti, Pasquale"]
[Black "Catapano, Francesco"]
[Result "1/2-1/2"]
[WhiteElo "1814"]
[BlackElo "1772"]
[PlyCount "103"]
[EventDate "2009.04.20"]

1. d4 Nf6 2. c4 g6 3. Nc3 Bg7 4. e4 d6 5. f3 O-O 6. Bg5 c5 7. d5 a6 8. Bd3 Nbd7
9. Qd2 Ne5 10. Nge2 Rb8 11. O-O Qc7 12. a4 e6 13. Rad1 Nxd3 14. Qxd3 e5 15. Qd2
Ne8 16. Bh6 f5 17. exf5 Bxf5 18. Ne4 Bxe4 19. fxe4 Nf6 20. Bxg7 Qxg7 21. Ng3
Rf7 22. Rf3 Rbf8 23. b4 Nd7 24. Rxf7 Rxf7 25. a5 cxb4 26. Qxb4 Nc5 27. Qc3 Qf8
28. Qe3 Rf4 29. Re1 Qd8 30. Qc3 Qd7 31. h3 Qd8 32. Kh2 b6 33. axb6 Qxb6 34. Qc2
a5 35. Rb1 Qc7 36. Rb5 Rf8 37. Qd1 Rb8 38. Qg4 Rxb5 39. cxb5 Kh8 40. Qg5 a4 41.
Qf6+ Kg8 42. Qg5 Kh8 43. Qf6+ Kg8 44. h4 a3 45. Qg5 a2 46. Nf5 Nxe4 47. Nh6+
Kf8 48. Qg4 a1=Q 49. Qe6 Qf1 50. Qg8+ Ke7 51. Qe6+ Kd8 52. Qg8+ 1/2-1/2

[Event "XV Torneo Leonardo di Bona B"]
[Site "Cutro ITA"]
[Date "2009.04.24"]
[Round "5"]
[White "Safari, Nasim"]
[Black "Hosseni, Raza"]
[Result "1-0"]
[WhiteElo "1440"]
[BlackElo "1440"]
[PlyCount "126"]
[EventDate "2009.04.20"]

1. Nf3 Nf6 2. g3 g6 3. Bg2 Bg7 4. Nc3 d5 5. d4 Nc6 6. O-O e6 7. Re1 Ne4 8. e3
Nf6 9. Ng5 Bh6 10. Nf3 O-O 11. e4 Bxc1 12. Rxc1 Re8 13. Qd2 Kg7 14. e5 Ng4 15.
Rcd1 a6 16. Qf4 Nh6 17. Ng5 b5 18. a3 b4 19. Na2 bxa3 20. bxa3 Rb8 21. Rb1 Rxb1
22. Rxb1 Nxd4 23. Qxd4 Qxg5 24. h3 Qe7 25. Qd3 Qd7 26. Rb8 c6 27. Rb4 Bb7 28.
Qd2 Ng8 29. Rh4 h6 30. Bf1 Qc7 31. Qe3 Rb8 32. Ra4 Bc8 33. Nb4 a5 34. Na6 Bxa6
35. Bxa6 Ra8 36. Bf1 Ne7 37. g4 Nc8 38. g5 h5 39. Qc3 Ne7 40. Be2 Qb7 41. Rxa5
Rxa5 42. Qxa5 Qb1+ 43. Bf1 Qxc2 44. Qb4 Nf5 45. Qf4 Qc5 46. a4 Qa5 47. Kg2 c5
48. Bd3 Ne7 49. Qf6+ Kf8 50. Bb5 c4 51. Qf4 Nc8 52. Qd4 Nb6 53. Qc5+ Kg7 54.
Qc7 c3 55. Be8 Kh7 56. Qxf7+ Kh8 57. Qf8+ Kh7 58. Qe7+ Kg8 59. Qxe6+ Kh8 60.
Qf6+ Kg8 61. Qxg6+ Kh8 62. Qxh5+ Kg8 63. Qf7+ Kh8 1-0

[Event "XV Torneo Leonardo di Bona B"]
[Site "Cutro ITA"]
[Date "2009.04.24"]
[Round "5"]
[White "Soluri, Francesco"]
[Black "Scalise, Sandro"]
[Result "1/2-1/2"]
[WhiteElo "1500"]
[BlackElo "1586"]
[PlyCount "94"]
[EventDate "2009.04.20"]

1. d4 Nf6 2. c3 d5 3. Nf3 c5 4. dxc5 Nc6 5. h3 e5 6. Bg5 Bxc5 7. e3 Qb6 8. b4
Be7 9. Be2 Be6 10. O-O O-O 11. Nbd2 d4 12. exd4 exd4 13. Qc2 dxc3 14. Nc4 Qxb4
15. Rab1 Qc5 16. Be3 Qh5 17. Nh2 Qh4 18. Qxc3 Bxc4 19. Qxc4 Qxc4 20. Bxc4 b6
21. Bg5 Ne4 22. Bxe7 Nxe7 23. Nf3 Nc5 24. Rfe1 Nf5 25. a4 Nd6 26. Bd5 Rad8 27.
Re7 Nc8 28. Re5 Nd3 29. Rh5 Nf4 30. Rf5 Nxd5 31. Rd1 Nc3 32. Re1 Rd1 33. Rfe5
Rxe1+ 34. Nxe1 Nxa4 35. Rd5 Re8 36. Kf1 Nc3 37. Rd7 Kf8 38. Nf3 Ne4 39. Nd4 Nc5
40. Rc7 Ne6 41. Nxe6+ fxe6 42. Ke2 a5 43. Rd7 a4 44. Kd3 b5 45. Kc3 Nb6 46. Rb7
Nd5+ 47. Kd4 b4 1/2-1/2